书目信息 |
| 题名: |
公路工程预算定额
|
|
| 作者: | 中华人民共和国交通部 主编 | |
| 分册: | ||
| 出版信息: | 北京 人民交通出版社 1999.05 |
|
| 页数: | 717页 | |
| 开本: | 32开 | |
| 丛书名: | ||
| 单 册: | ||
| 中图分类: | ||
| 科图分类: | ||
| 主题词: | 道路工程 | |
| 电子资源: | ||
| ISBN: | 7-114-01425-2 | |
| 000 | 00684nam0 2200205 45 | |
| 001 | 9911091657 | |
| 005 | 20000918164145.7 | |
| 010 | @a7-114-01425-2@d32.00元 | |
| 100 | @a19991109d1999 km y0chiy0120 ea | |
| 101 | @achi | |
| 105 | @a z 000yy | |
| 200 | 1 | @a公路工程预算定额@Agong lu gong cheng yu suan ding e@f中华人民共和国交通部主编@Fzhong hua ren min gong he guo jiao tong bu zhu bian |
| 210 | @a北京@c人民交通出版社@d1999.05 | |
| 215 | @a717页@d32开 | |
| 606 | 0 | @a道路工程 |
| 690 | @v3 | |
| 690 | @aU415.13@v3 | |
| 701 | 0 | @a中华人民共和国交通部@Azhong hua ren min gong he guo jiao tong bu@4主编 |
| 801 | @aCN@bPFTUser@c19991109 | |
| 905 | @dU415.13@eZH:706@b147226-230@f5 | |
| 公路工程预算定额/中华人民共和国交通部主编.-北京:人民交通出版社,1999.05 |
| 717页;32开 |
| ISBN 7-114-01425-2:32.00元 |
| ● |
| 相关链接 |
|
|
|
正题名:公路工程预算定额
索取号:U415.13/ZH:706
 
预约/预借
| 序号 | 登录号 | 条形码 | 馆藏地/架位号 | 状态 | 备注 |
| 1 | 147226 | 201472263 | 自科库501/ [索取号:U415.13/ZH:706] | 在馆 | |
| 2 | 147227 | 201472272 | 自科二线504/504自科库 31排2列5层/ [索取号:U415.13/ZH:706] | 在馆 | |
| 3 | 147228 | 201472281 | 自科二线504/504自科库 31排2列5层/ [索取号:U415.13/ZH:706] | 在馆 | |
| 4 | 147229 | 201472290 | 自科二线504/504自科库 13排3列3层/ [索取号:U415.13/ZH:706] | 在馆 | |
| 5 | 147230 | 201472307 | 自科库501/ [索取号:U415.13/ZH:706] | 在馆 |